000 00514nam a22001697a 4500
003 NUST
005 20260122122402.0
008 260122b ||||| |||| 00| 0 eng d
020 _a978-0231100267
082 _a333.95
100 _aSavitsky, Basil G
_9132881
245 _aGIS Methodologies /
_bfor Developing Conservation Strategies /
_cSavitsky, Basil G.
260 _aNew York:
_bColumbia University Press,
_c1998.
300 _a278 p ;
_c10.27 x 7.32 x 0.93 inches
563 _aHardcover
942 _2ddc
_cBK
999 _c615896
_d615896